000 01191cam a22003497a 4500
003 CHAP
005 20220329142539.0
008 011002d2000 mx ab r 00010 esp d
010 _a84767
011 _a85739
020 _a970133020X
035 _a96275
040 _cCHAP
082 0 4 _a917.2
_bI55 Camp.
110 2 _aInstituto Nacional de Estadística, Geografía e Informática. México
_959304
245 1 0 _aGuía turística urbana:
_bCampeche
_c/por INEGI
260 _aAguascalientes, Ags. :
_bINEGI,
_c2000-
300 _av.
_b: ilus. ; mapas ; + 1 mapa
500 _aLa biblioteca tiene : v.1 Campeche
500 _aTítulo varía: México guía turística
590 _aBATCH-UPD
_b10
_c20130110
_lUCH01
_h1733
590 _aBATCH-UPD
_b10
_c20130410
_lUCH01
_h1114
590 _aBATCH-UPD
_b10
_c20130914
_lUCH01
_h0825
590 _aCONVERSION
_b10
_c20130109
_lUCH01
_h1347
650 1 4 _aCampeche
_xDescripción y viaje.
_917984
650 1 4 _aMéxico
_xDescripción y viaje.
_976737
790 _aMéxico guía turística
901 _aBK
905 _aMarco A. Mendoza T.
942 _cLIBRO
949 _a917.2 I55 Camp.
_bBC
_cESP
_d33724000822979
_eESP
_fv.1
_h99952
_i96275
_sb
999 _c84767
_d84767